Les films dont les animaux sont les héros - Statistiques

Statistiques générales
  • Ce quiz a été pris 157 fois
  • Le résultat moyen est 6 sur 25
Statistiques - réponses
Année Titre du film à compléter % Correct
2011 La planète des {singes} Les origines
88%
1991 Croc-{Blanc}
70%
1993 Sauvez {Willy}
66%
2001 La {planète} des singes
54%
2011 {Cheval} de guerre
41%
1994 Ace Ventura, {détective} pour chiens et chats
32%
2004 Deux {frères}
31%
1995 {Babe}, le cochon devenu {berger}
24%
1996 L'envolée {sauvage}
23%
2001 Comme {chiens} et {chats}
22%
2009 Le {chihuahua} de Beverly Hills
22%
1992 B {Beethoven}
18%
1993 L'incroyable {voyage}
16%
1988 L'{Ours}
14%
1987 {Benji} la Malice
12%
2008 {Marley} et moi
11%
1997 Air {Bud}
10%
1997 D {Didier}
5%
1996 Les{101 dalmatiens}
5%
1994 {Prince} noir
4%
2010 H {Hatchi}
3%
2007 {Pom} le poulain
2%
1996 {Napoléon} en Australie
1%
1989 B {Baxter}
0%
2017 {Kedi}: des chats et des hommes
0%
Aucun quiz correspondant
Distribution des résultats
% des personnes avec chaque résultat
Percentile par nombre de réponses
Votre historique - résultats
Vous n’avez pas pris ce quiz